| Tag |
First Indicator |
Second Indicator |
Subfields |
| LEADER |
00000cam a2200000 4500 |
| 001 |
in00000665646 |
| 005 |
20151015085839.0 |
| 008 |
801006r18471847miub a 00010 eng d |
| 035 |
|
|
|a (OCoLC)06794419
|
| 035 |
|
|
|9 ACY3625AM
|
| 040 |
|
|
|a EEU
|c TXA
|d UtOrBLW
|
| 049 |
|
|
|a TXAI
|
| 090 |
|
|
|a HF3092
|b .B18
|
| 099 |
|
|
|a film
|a B
|a 1512
|a reel
|a 60.6
|
| 100 |
1 |
|
|a Baker, John M.
|q (John Martin)
|
| 245 |
1 |
2 |
|a A view of the commerce of the United States and the Mediterranean sea ports, including the Adriatic and Morea :
|b with maps of the principal harbours in those seas /
|c From the manuscript of the late John Martin Baker by his son, Louis Baker.
|
| 264 |
|
1 |
|a Philadelphia :
|b Barrington & Murphy,
|c 1847.
|
| 300 |
|
|
|a 112 pages :
|b 13 maps. ;
|c 23 cm.
|
| 336 |
|
|
|a text
|b txt
|2 rdacontent
|
| 337 |
|
|
|a microform
|b h
|2 rdamedia
|
| 338 |
|
|
|a microfilm reel
|b hd
|2 rdacarrier
|
| 500 |
|
|
|a Microfilm. Ann Arbor, Mich., University Microfilms [n.d.] (American culture series, Reel 60.6)
|
| 500 |
|
|
|a Microform.
|
| 651 |
|
0 |
|a Mediterranean Sea
|x Commerce.
|
| 651 |
|
0 |
|a United States
|x Commerce.
|
| 700 |
1 |
|
|a Baker, Louis.
|
| 999 |
|
|
|a MARS
|
| 999 |
f |
f |
|s 512984e1-132e-3ac1-8a49-96a7c4b0b966
|i 27cb6c3b-47b4-35a8-92f2-84d9baf6b678
|t 0
|
| 952 |
f |
f |
|p default
|a Texas A&M University
|b College Station
|c Sterling C. Evans Library
|d Evans: Microforms (3rd floor)
|t 0
|e film B 1512 reel 60.6
|h Other scheme
|i microform -- microfilm reel
|
| 998 |
f |
f |
|a film B 1512 reel 60.6
|t 0
|l Evans: Microforms (3rd floor)
|